Kdo se stará o sirotky, vdovy, chudé a opuštěné? /

Hlavní autor: Prince, Derek, 1915-2003
Jazyk: Čeština
Vydáno: Doubek : Postilla, 2005
Vydání: 1. české vyd.
Témata:
Externí odkaz: Digitalizovaný dokument
Fyzický popis: 45 s. ; 18 cm
Knihy
Uloženo v:
LEADER 02094cam a2200577 a 4500
001 nkc20051627561
003 CZ PrNK
005 20061220104058.0
007 ta
008 050728s2005 xr e 000 0 cze d
015 |a cnb001627561 
020 |a 80-86442-32-2  |q (brož.) 
035 |a (OCoLC)85717863 
040 |a KLG001  |b cze  |d BOA001  |d OLA001  |d ABA001 
041 1 |a cze  |h eng 
072 7 |a 27-46/-48  |x Pastorální teologie  |2 Konspekt  |9 5 
080 |a 27-46  |2 MRF 
080 |a 364-78-027.556  |2 MRF 
080 |a 364-78  |2 MRF 
080 |a 27  |2 MRF 
080 |a 27-277.2  |2 MRF 
080 |a 27-277  |2 MRF 
080 |a 27-1/-9  |2 MRF 
080 |a (0:82-4)  |2 MRF 
100 1 |a Prince, Derek,  |d 1915-2003  |7 jo2004232823  |4 aut 
245 1 0 |a Kdo se stará o sirotky, vdovy, chudé a opuštěné? /  |c Derek Prince ; [překlad Martin Burkhard] 
250 |a 1. české vyd. 
260 |a Doubek :  |b Postilla,  |c 2005 
300 |a 45 s. ;  |c 18 cm 
500 |a Přeloženo z angličtiny 
650 0 7 |a charitativní činnost  |7 ph135878  |2 czenas 
650 0 7 |a dobrovolnictví  |7 ph138809  |2 czenas 
650 0 7 |a sociální práce  |7 ph125805  |x křesťanské pojetí  |2 czenas 
650 0 7 |a biblické citáty  |7 ph118853  |2 czenas 
650 0 7 |a biblická interpretace  |7 ph118847  |2 czenas 
650 0 7 |a křesťanské učení  |7 ph122129  |2 czenas 
650 0 9 |a charities  |2 eczenas 
650 0 9 |a voluntarism  |2 eczenas 
650 0 9 |a social work  |x Christian approach  |2 eczenas 
650 0 9 |a Biblical quotations  |2 eczenas 
650 0 9 |a Biblical interpretation  |2 eczenas 
650 0 9 |a Christian doctrine  |2 eczenas 
655 7 |a úvahy  |7 fd134000  |2 czenas 
655 9 |a essays  |2 eczenas 
765 0 |t Who cares for orphans, widows, the poor and oppressed? God does-- do we?  |9 Česky 
856 4 1 |u http://www.digitalniknihovna.cz/mzk/uuid/uuid:c976ffc0-1703-11e8-bdb0-005056827e51  |y Digitalizovaný dokument  |x NDK 
910 2 |a BOA001  |b 1-1175.574 
990 |a BK 
995 |a 01 
991 |b 200610  |c NOV 
996 6 |b 2610291798  |c 1-1175.574  |l MZK  |r Sklad / do 1 hodiny  |n 8  |p p.v.  |w 000828491  |u 000010  |a 1  |e BOA001  |j MZK50  |s P